000
00309pam a2200133 a 4500
020
_c
041
_h
082
_a
332.71
100
_a
SINGH (Balwinder)
_e
author
245
_a
Agricultural Credit
_h
Textual Document
260
_b
Deep and Deep Publications New Delhi
_c
2005
300
_a
276
930
_a
460
999
_c
819674
_d
819674